Microsoft PowerPoint para Windows 95
Guardat en:
| Autor principal: | |
|---|---|
| Format: | Llibre |
| Idioma: | espanyol |
| Publicat: |
Madrid
McGraw-Hill
1996
|
| Edició: | 1a. ed |
| Col·lecció: | Referencia Rápida de
|
| Matèries: | |
| Etiquetes: |
Afegir etiqueta
Sense etiquetes, Sigues el primer a etiquetar aquest registre!
|
MARC
| LEADER | 00000cam a2200000 a 4500 | ||
|---|---|---|---|
| 001 | UCD5329 | ||
| 003 | CL-VaPUC | ||
| 008 | 160902e19960000sp |||||||||||||||||spa|d | ||
| 020 | |a 8448102746 | ||
| 082 | 0 | 4 | |a 004 |b NEL |2 21 |
| 100 | |a Nelson, Stephen L. |e autor |9 589116 | ||
| 245 | 1 | 0 | |a Microsoft PowerPoint para Windows 95 |
| 250 | |a 1a. ed | ||
| 300 | |a 193 p | ||
| 942 | |c BK | ||
| 945 | |d 20160902 15:38:00 |a dcastane | ||
| 260 | |a Madrid |b McGraw-Hill |c 1996 | ||
| 600 | 0 | 7 | |a MICROSOFT |2 CL-VaPUC |9 589117 |
| 650 | 7 | |a COMPUTACION |2 CL-VaPUC |9 350582 | |
| 650 | 0 | |a Programas de computación |9 334383 | |
| 650 | 7 | |a HARDWARE |2 CL-VaPUC |9 345461 | |
| 583 | |a last modification |c 20160902 15:38:00 |k Rodrigo Vera | ||
| 490 | 0 | |a Referencia Rápida de | |
| 999 | |c 366047 |d 366045 | ||